Cartoonfiguren mit R - Statistiken

Allgemein
  • Dieses Quiz wurde 60 mal gespielt
  • Das Durchschnittsergebnis liegt bei 7 aus 14
Antwortstatistiken
Bildquiz Antwort % Korrekt
Robin Hood
93%
Rapunzel
86%
Ralph
79%
Road Runner
71%
Raphael
70%
Rick
64%
Remy
54%
Rafiki
52%
Rantanplan
46%
Roger Rabbit
32%
Ranma Saotome
21%
Ryuk
20%
Roronoa Zoro
18%
Herr Rossi
4%
Keine übereinstimmenden Quizze gefunden
Verteilung der Resultate
Anzahl Personen mit jedem Resultat
Perzentil nach korrekt beantworteten Fragen
Ihre Resultats-Entwicklung
Sie haben dieses Quiz noch nicht gespielt